书目信息 |
| 题名: |
案例导读
|
|
| 作者: | 李建伟 主编 | |
| 分册: | 合同法及配套规定e本通 | |
| 出版信息: | 北京 法律出版社 2017 |
|
| 页数: | 34,619页 | |
| 开本: | 24cm | |
| 丛书名: | ||
| 单 册: | ||
| 中图分类: | D920.5 , D923.65 | |
| 科图分类: | ||
| 主题词: | 法律解释--中国 , 案例--中国 , 合同法--法律解释--中国 , 合同法--案例--中国 | |
| 电子资源: | ||
| ISBN: | 978-7-5197-0410-0 | |
| 000 | 00860nam0 2200277 450 | |
| 001 | 012001002410 | |
| 005 | 20140926114739.0 | |
| 010 | @a978-7-5197-0410-0@dCNY89.00 | |
| 100 | @a20171222d2017 em y0chiy50 ea | |
| 101 | 0 | @achi |
| 102 | @aCN@b110000 | |
| 105 | @ay z 000yy | |
| 106 | @ar | |
| 200 | 1 | @a案例导读@9an li dao du@i合同法及配套规定e本通@i分则@f李建伟主编 |
| 210 | @a北京@c法律出版社@d2017 | |
| 215 | @a34,619页@d24cm | |
| 330 | @a本书解释分析了合同法分则法条的立法精髓及其适用的条件、方式,明晰了日常纠纷疑难、新型问题的法条依据。 | |
| 606 | 0 | @a法律解释@y中国 |
| 606 | 0 | @a案例@y中国 |
| 606 | 0 | @a合同法@x法律解释@y中国 |
| 606 | 0 | @a合同法@x案例@y中国 |
| 690 | @aD920.5@v5 | |
| 690 | @aD923.65@v5 | |
| 701 | 0 | @a李建伟@9li jian wei@f(1974.6~)@4主编 |
| 801 | 0 | @aCN@b上海新华@c20180901 |
| 905 | @b1153088-92@dD920.5@e1920@f5 | |
| 案例导读.合同法及配套规定e本通.分则/李建伟主编.-北京:法律出版社,2017 |
| 34,619页;24cm |
| ISBN 978-7-5197-0410-0:CNY89.00 |
| 本书解释分析了合同法分则法条的立法精髓及其适用的条件、方式,明晰了日常纠纷疑难、新型问题的法条依据。 |
| ● |
| 相关链接 |
|
|
|
|
正题名:案例导读
索取号:D920.5/1920
 
预约/预借
| 序号 | 登录号 | 条形码 | 馆藏地/架位号 | 状态 | 备注 |
| 1 | 1153088 | 211530887 | 第一借阅区/ [索取号:D920.5/1920] | 在馆 | |
| 2 | 1153089 | 211530896 | 第一借阅区/ [索取号:D920.5/1920] | 在馆 | |
| 3 | 1153090 | 211530903 | 密集书库-史法系/ [索取号:D920.5/1920] | 在馆 | |
| 4 | 1153091 | 211530912 | 第一借阅区/ [索取号:D920.5/1920] | 在馆 | |
| 5 | 1153092 | 211530921 | 第一样本阅览室/ [索取号:D920.5/1920] | 在馆 |